| 000 | 00618nam a22001815i 4500 | ||
|---|---|---|---|
| 001 | 68496 | ||
| 003 | ES-MaACL | ||
| 005 | 20230906170310.0 | ||
| 007 | t| | ||
| 008 | 960807m18391847fr ||||1| fre d | ||
| 040 |
_aCAM _bspa _cCAM |
||
| 100 | 1 |
_aGarcin de Tassy, Joseph Heliodore. _955475 |
|
| 245 | 1 | 0 |
_aHistoire de la littérature hindoui et hindoustani / _cpar Garcin de Tassy. |
| 260 |
_aParis : _bThe oriental translation committee of Great Britain and Ireland, _c1839-47 ( _fB. Duprat) |
||
| 300 |
_a2 v. ; _c26 cm. |
||
| 650 | 4 |
_aLiteratura india- _xHistoria y crÃtica. _9162866 |
|
| 852 |
_aES-MaACL _jG-9745-6 |
||
| 999 |
_c68496 _d68496 |
||